Nihon toshi seikatsu shiryō shūsei /

Saved in:
Bibliographic Details
Other Authors: Harada, Tomohiko, 1917-1983.
Format: Book
Language:Japanese
Published: Tōkyō : Gakushū Kenkyūsha, 1975-1977.
Subjects:
Tags: Add Tag
No Tags, Be the first to tag this record!
LEADER 00839cam a2200229Ii 4500
001 007738468-7
005 20020606104010.5
008 790207m19751977ja a 000 0 jpn
010 |a  76810720 /J 
035 0 |a ocm04626718 
040 |a DLC  |c OSU  |d OSU  |d OCL  |d YNH 
050 0 |a HN723  |b .N513 
245 0 0 |a Nihon toshi seikatsu shiryō shūsei /  |c [Henshū daihyō Harada Tomohiko] 
260 |a Tōkyō :  |b Gakushū Kenkyūsha,  |c 1975-1977. 
300 |a 10 v. :  |b ill. ;  |c 27 cm. 
500 |a Errata slips inserted. 
505 0 |a 1-2. Santo hen -- 3-5. Jōkamachi hen -- 6-7. Minatomachi hen -- 8. Shukubamachi hen -- 9. Monzenmachi hen -- 10. Zaigōmachi hen. 
650 0 |a City and town life  |z Japan  |x History  |x Sources. 
651 0 |a Japan  |x Social conditions  |x Sources. 
700 1 |a Harada, Tomohiko,  |d 1917-1983. 
988 |a 20020608 
906 |0 DLC